[Event "Sao Paulo op-B U2050 7th"]
[Site "Sao Paulo"]
[Date "2018.03.31"]
[Round "3"]
[White "De Souza, Renato Canil"]
[Black "Silva, Kaua Marques"]
[Result "0-1"]
[WhiteElo "1623"]
[BlackElo "1829"]
[PlyCount "83"]
[EventDate "2018.03.30"]
[EventType "swiss"]
[EventRounds "6"]
[EventCountry "BRA"]
[SourceTitle "EXT 2021"]
[Source "ChessBase"]
[SourceDate "2020.10.23"]
[SourceVersion "1"]
[SourceVersionDate "2020.10.23"]
[SourceQuality "1"]

1. d4 Nf6 2. c4 e6 3. Nc3 Bb4 4. Qc2 c5 5. dxc5 Bxc5 6. a3 0-0 7. b4 Be7 8. Nf3 d5 9. e3 a5 10. b5 Qc7 11. cxd5 exd5 12. Bb2 Bg4 13. Nd4 Nbd7 14. Rc1 Rac8 15. Bd3 Qe5 16. Qd2 Rfe8 17. Nce2 Ne4 18. Bxe4 Rxc1+ 19. Nxc1 dxe4 20. h3 Be6 21. Nxe6 Qxe6 22. Qxa5 Qc4 23. Qc3 Qxc3+ 24. Bxc3 Bxa3 25. Nb3 Rc8 26. Kd2 Nb6 27. Bd4 Nc4+ 28. Ke2 Nd6 29. Rb1 Rc2+ 30. Kf1 Nxb5 31. Na5 Nxd4 32. exd4 Bb2 33. Nxb7 Bxd4 34. Rb4 Rxf2+ 35. Ke1 Bc3+ 36. Kxf2 Bxb4 37. Ke3 f5 38. g4 g6 39. Nd8 Kg7 40. gxf5 gxf5 41. Ne6+ Kf6 42. Nf8 0-1

[Event "Sao Paulo op-B U2050 7th"]
[Site "Sao Paulo"]
[Date "2018.03.30"]
[Round "1"]
[White "De Souza, Renato Canil"]
[Black "Haman, Muhammad"]
[Result "1-0"]
[WhiteElo "1623"]
[BlackElo "1899"]
[PlyCount "103"]
[EventDate "2018.03.30"]
[EventType "swiss"]
[EventRounds "6"]
[EventCountry "BRA"]
[SourceTitle "EXT 2021"]
[Source "ChessBase"]
[SourceDate "2020.10.23"]
[SourceVersion "1"]
[SourceVersionDate "2020.10.23"]
[SourceQuality "1"]

1. d4 Nf6 2. c4 e6 3. Nc3 d5 4. cxd5 exd5 5. Bg5 Nbd7 6. e3 Be7 7. Bd3 c6 8. Nge2 h6 9. Bh4 0-0 10. 0-0 Re8 11. Qc2 Nf8 12. Rae1 Ne6 13. f3 Ng5 14. Nf4 Bd6 15. Bg3 Ne6 16. Nxe6 Bxe6 17. Bh4 Qc7 18. f4 Rad8 19. Bxf6 gxf6 20. Qf2 f5 21. Qh4 Kh7 22. Ne2 Qe7 23. Qh5 Qf6 24. Ng3 Bf8 25. Bxf5+ Kh8 26. Bxe6 Rxe6 27. Qf5 Bg7 28. Qxf6 Bxf6 29. Kf2 Bh4 30. Kf3 f5 31. Re2 Rf8 32. Nxf5 Rxf5 33. Kg4 Rf7 34. Kxh4 Rfe7 35. Rfe1 b6 36. Kg3 c5 37. Kf3 Kh7 38. e4 dxe4+ 39. Rxe4 Rxe4 40. Rxe4 Rd7 41. dxc5 bxc5 42. Ke3 Kg6 43. Rc4 Re7+ 44. Kf3 Rb7 45. b3 Rb5 46. Ke4 Kf6 47. Kd5 Ra5 48. Ra4 Rxa4 49. bxa4 Kf5 50. g3 h5 51. Kxc5 h4 52. gxh4 1-0

[Event "Sao Paulo Carnaval op"]
[Site "Sao Paulo"]
[Date "2018.02.12"]
[Round "5"]
[White "De Souza, Renato Canil"]
[Black "Guimaraes, Artemis Pamela"]
[Result "0-1"]
[WhiteElo "1645"]
[BlackElo "1910"]
[PlyCount "93"]
[EventDate "2018.02.10"]
[EventType "swiss"]
[EventRounds "7"]
[EventCountry "BRA"]
[SourceTitle "CBM 183 Extra"]
[Source "ChessBase"]
[SourceDate "2018.04.19"]
[SourceVersion "1"]
[SourceVersionDate "2018.04.19"]
[SourceQuality "1"]

1. d4 Nf6 2. c4 e6 3. Nc3 Bb4 4. Qc2 0-0 5. Nf3 b6 6. e4 Bb7 7. Bd3 d5 8. cxd5 exd5 9. e5 Ne4 10. 0-0 Bxc3 11. bxc3 c5 12. Nd2 f5 13. exf6 Nxf6 14. Nf3 c4 15. Bf5 Bc8 16. Ne5 Bxf5 17. Qxf5 Qc8 18. Qxc8 Rxc8 19. f3 Nbd7 20. Nxd7 Nxd7 21. Re1 Re8 22. Bf4 Kf7 23. Kf2 Rac8 24. Rxe8 Rxe8 25. Re1 Re6 26. Rxe6 Kxe6 27. a4 Kf5 28. Bd6 h5 29. h4 g6 30. Ke2 Ke6 31. Bf4 Kf5 32. Bd6 a6 33. Kd2 b5 34. axb5 axb5 35. Bc7 Nf8 36. Kc2 Ne6 37. Be5 Nf4 38. g3 Nd3 39. f4 Kg4 40. Kd2 Kf3 41. Bd6 Nf2 42. Kc2 Ne4 43. Be5 Nxg3 44. Kb2 Ne2 45. Bd6 Nxf4 46. Ka3 Nd3 47. Ka2 0-1

[Event "Sao Paulo Carnaval op"]
[Site "Sao Paulo"]
[Date "2018.02.10"]
[Round "1"]
[White "De Souza, Renato Canil"]
[Black "Marra, Eduardo da Costa"]
[Result "0-1"]
[WhiteElo "1645"]
[BlackElo "2148"]
[PlyCount "107"]
[EventDate "2018.02.10"]
[EventType "swiss"]
[EventRounds "7"]
[EventCountry "BRA"]
[SourceTitle "CBM 183 Extra"]
[Source "ChessBase"]
[SourceDate "2018.04.19"]
[SourceVersion "1"]
[SourceVersionDate "2018.04.19"]
[SourceQuality "1"]

1. d4 Nf6 2. c4 c5 3. Nf3 g6 4. Nc3 Bg7 5. e3 0-0 6. Be2 b6 7. 0-0 Bb7 8. d5 d6 9. h3 a6 10. a4 e5 11. a5 b5 12. cxb5 axb5 13. Bxb5 Rxa5 14. Rxa5 Qxa5 15. Bc4 Nbd7 16. e4 Nb6 17. Be2 Ba6 18. Bxa6 Qxa6 19. Qc2 Rb8 20. Be3 Nc4 21. Qe2 Rb6 22. Bc1 Nd7 23. Nd2 Nxd2 24. Qxa6 Rxa6 25. Bxd2 Bf6 26. Rb1 Bd8 27. b4 cxb4 28. Rxb4 Kg7 29. Rc4 Ra1+ 30. Kh2 Bb6 31. Be3 Bxe3 32. fxe3 Rc1 33. Rc7 Nf6 34. Rc6 Re1 35. Rxd6 Rxe3 36. Rc6 Nxe4 37. Nxe4 Rxe4 38. Kg3 Rd4 39. d6 Kf6 40. d7+ Ke7 41. Rc5 f6 42. Rc8 Rxd7 43. Rh8 Ke6 44. Re8+ Kf5 45. Kf3 Rd3+ 46. Ke2 Ra3 47. Re7 h5 48. Rf7 Ra2+ 49. Kf3 e4+ 50. Kg3 g5 51. Re7 h4+ 52. Kh2 Kf4 53. Kg1 Kg3 54. Rxe4 0-1

[Event "Mogi das Cruzes op 08"]
[Site "Mogi das Cruzes"]
[Date "2012.09.02"]
[Round "6"]
[White "De Souza, Renato Canil"]
[Black "De Almeida, Jefferson Silva"]
[Result "1/2-1/2"]
[WhiteElo "1761"]
[BlackElo "1559"]
[PlyCount "40"]
[EventDate "2012.08.31"]
[EventType "swiss"]
[EventRounds "6"]
[EventCountry "BRA"]
[SourceTitle "CBM 150 Extra"]
[Source "ChessBase"]
[SourceDate "2012.10.19"]
[SourceVersion "1"]
[SourceVersionDate "2012.10.19"]
[SourceQuality "1"]

1. e4 e6 2. d4 d5 3. Nd2 Nf6 4. e5 Nfd7 5. Ne2 c5 6. c3 cxd4 7. cxd4 Nb6 8. Nf3 Nc6 9. Ng3 Be7 10. Be2 f6 11. exf6 Bxf6 12. Nh5 0-0 13. Nxf6+ gxf6 14. Bh6 Rf7 15. g4 Ne7 16. h4 Kh8 17. g5 Ng8 18. Rg1 Nxh6 19. gxh6 Rf8 20. Rg7 Rg8 1/2-1/2

[Event "Mogi das Cruzes op 08"]
[Site "Mogi das Cruzes"]
[Date "2012.09.01"]
[Round "4"]
[White "De Souza, Renato Canil"]
[Black "Sato, Alberto Akio"]
[Result "1-0"]
[WhiteElo "1761"]
[BlackElo "1580"]
[PlyCount "85"]
[EventDate "2012.08.31"]
[EventType "swiss"]
[EventRounds "6"]
[EventCountry "BRA"]
[SourceTitle "CBM 150 Extra"]
[Source "ChessBase"]
[SourceDate "2012.10.19"]
[SourceVersion "1"]
[SourceVersionDate "2012.10.19"]
[SourceQuality "1"]

1. e4 c5 2. Nf3 d6 3. d4 cxd4 4. Qxd4 Nc6 5. Bb5 a6 6. Bxc6+ bxc6 7. h3 Nf6 8. Bg5 e5 9. Qd2 Be7 10. Nc3 0-0 11. g4 h6 12. Be3 Nh7 13. Ne2 Ng5 14. Nxg5 Bxg5 15. Rg1 Rb8 16. 0-0-0 Bxe3 17. Qxe3 g5 18. Ng3 Qf6 19. Nf5 Bxf5 20. gxf5 Kh7 21. Qa3 d5 22. exd5 cxd5 23. Rxd5 Qxf5 24. Qg3 Rfc8 25. c3 Qf4+ 26. Qxf4 exf4 27. h4 f6 28. hxg5 fxg5 29. Rd7+ Kh8 30. Rd6 Kg7 31. Rxa6 Rc7 32. Rh1 Rh8 33. Kc2 h5 34. b4 g4 35. Ra5 Rc6 36. Rhxh5 Rxh5 37. Rxh5 Rh6 38. Rg5+ Rg6 39. Rxg6+ Kxg6 40. Kd3 Kg5 41. Ke2 Kh4 42. Kf1 Kh3 43. Kg1 1-0

[Event "Mogi das Cruzes op 08"]
[Site "Mogi das Cruzes"]
[Date "2012.08.31"]
[Round "1"]
[White "Alboredo, Julia"]
[Black "De Souza, Renato Canil"]
[Result "0-1"]
[WhiteElo "1770"]
[BlackElo "1761"]
[PlyCount "80"]
[EventDate "2012.08.31"]
[EventType "swiss"]
[EventRounds "6"]
[EventCountry "BRA"]
[SourceTitle "CBM 150 Extra"]
[Source "ChessBase"]
[SourceDate "2012.10.19"]
[SourceVersion "1"]
[SourceVersionDate "2012.10.19"]
[SourceQuality "1"]

1. e4 c5 2. Nf3 e6 3. d3 d6 4. g3 Nc6 5. Bg2 Nf6 6. 0-0 Be7 7. c3 0-0 8. Re1 Qc7 9. d4 d5 10. e5 Nd7 11. h4 b5 12. Nh2 b4 13. Qg4 Re8 14. Bh6 Bf8 15. h5 Kh8 16. Be3 Rb8 17. Qf3 Nb6 18. b3 bxc3 19. dxc5 Na8 20. Nxc3 Nxe5 21. Qe2 Qa5 22. Bd2 Nd7 23. c6 Ba6 24. Qf3 Nf6 25. g4 d4 26. Ne4 Qd8 27. Bg5 Be7 28. h6 Nc7 29. hxg7+ Kxg7 30. Qf4 Nxe4 31. Bh6+ Kg8 32. Bxe4 Qd6 33. Qf3 d3 34. Qh3 f5 35. gxf5 Bf6 36. fxe6 Re7 37. Qg4+ Kh8 38. Qf5 Rg8+ 39. Kh1 Bxa1 40. Rxa1 Qxe6 0-1

[Event "Mogi das Cruzes op 08"]
[Site "Mogi das Cruzes"]
[Date "2012.08.31"]
[Round "2"]
[White "De Souza, Renato Canil"]
[Black "Hara, Aroldo Hiroiuqui"]
[Result "0-1"]
[WhiteElo "1761"]
[BlackElo "1957"]
[PlyCount "78"]
[EventDate "2012.08.31"]
[EventType "swiss"]
[EventRounds "6"]
[EventCountry "BRA"]
[SourceTitle "CBM 150 Extra"]
[Source "ChessBase"]
[SourceDate "2012.10.19"]
[SourceVersion "1"]
[SourceVersionDate "2012.10.19"]
[SourceQuality "1"]

1. d4 Nf6 2. Nf3 g6 3. c4 Bg7 4. g3 0-0 5. Bg2 c6 6. 0-0 d5 7. Nc3 dxc4 8. Ne5 Ne8 9. Bf4 Nd6 10. e4 f6 11. Ng4 Nxe4 12. Nxe4 Bxg4 13. Qxg4 f5 14. Qe2 fxe4 15. Qxc4+ Kh8 16. Be5 Nd7 17. Bxg7+ Kxg7 18. Bxe4 Nf6 19. Bg2 Qd6 20. Rfe1 Nd5 21. Bxd5 cxd5 22. Qe2 Rf7 23. Qe5+ Qxe5 24. Rxe5 Rc8 25. Rae1 Rc2 26. R1e2 Rxe2 27. Rxe2 Kf6 28. f4 e6 29. Kg2 Rc7 30. Kf3 h5 31. h3 Rc1 32. Rd2 b5 33. Re2 a5 34. Rd2 b4 35. b3 Rc3+ 36. Kf2 h4 37. gxh4 Rxh3 38. Kg2 Rxh4 39. Kg3 Rh1 0-1